000 01330nam a22003737a 4500
003 CHAP
005 20220329135851.0
008 971013s1984 r 00010 d
010 _a43549
011 _a44521
035 _a48659
040 _cCHAP
090 _aTesis
100 0 0 _aFuentes Cabello, José de las.
_943834
245 _aSuplementación de hierro y zinc a raciones con altos niveles de cobre para cerdos en acabado
260 _aMonterrey, N.L. :
_bEl autor,
_c1984
300 _a50 h.
502 _aTesis (Ing. Agr. Esp. en Zootecnia) -- ITESM. Div. de Ciencias Agropecuarias y Marítimas
590 _aALEPH
_b10
_c20130110
_lUCH01
_h1312
590 _aBATCH-UPD
_b10
_c20130110
_lUCH01
_h0014
590 _aBATCH-UPD
_b10
_c20130110
_lUCH01
_h1502
590 _aBATCH-UPD
_b10
_c20130409
_lUCH01
_h1951
590 _aBATCH-UPD
_b10
_c20130410
_lUCH01
_h0923
590 _aBATCH-UPD
_b10
_c20130914
_lUCH01
_h0954
590 _aCONVERSION
_b10
_c20130109
_lUCH01
_h1324
650 1 4 _aCobre en nutrición animal.
_924191
650 1 4 _aGanado porcino
_xAlimentación.
_945329
650 1 4 _aGanado porcino
_xCrecimiento.
_945349
650 1 4 _aHierro en nutrición animal.
_955302
650 1 4 _aZinc en nutrición animal.
_9124068
901 _aBK
942 _cTESIS
949 _bBC
_cTES
_d-110065
_eTS1
_h17689
_i48659
_si
999 _c43549
_d43549